000 01737nam a22003617a 4500
007 cr c| aaaaaaaa
008 250819e20250808ag ||||os| 0 0 spa d
020 _a9786319127720
040 _cAR-FvUNAJ
_dAR-FvUNAJ
_eaacr2
041 _aspa
111 _921859
_aCongreso Internacional de cáñamo industrial y cannabis medicinal
_n(1ª :
_d9 al 10 de mayo de 2025 :
_cFlorencio Varela)
245 _aCongreso Internacional de cáñamo industrial y cannabis medicinal :
_bUn espacio para la ciencia, la medicina y la innovación /
_cEditado por Amancai Britez, Silvia Kochen y Marcelo Morante
260 _aFlorencio Varela :
_bUniversidad Nacional Arturo Jauretche,
_c2025
300 _a192 p. :
_bDigital
520 _aActas del Congreso Internacional de cáñamo industrial y cannabis medicinal
540 _aEsta obra está bajo una Licencia Creative Commons Argentina. Atribución - No Comercial - Sin Derivadas 2.5 Argentina (CC BY-NC-ND 2.5 AR)
_uhttps://creativecommons.org/licenses/by-nc-nd/2.5/ar/
650 2 7 _2decs
_917623
_aCANNABIS
650 2 7 _2unescot
_94906
_aMEDICINA
650 2 7 _2unescot
_921860
_aCULTIVOS
650 2 7 _2unescot
_91306
_aLEGISLACIÓN
650 2 7 _2unescot
_94069
_aORGANIZACIONES NO GUBERNAMENTALES
650 2 7 _2unescot
_9364
_aPRODUCCION
650 2 7 _2unescot
_95345
_aCONTROL DE CALIDAD
650 2 7 _2unescot
_99751
_aINVESTIGACIÓN BÁSICA
650 2 7 _2unescot
_95771
_aMEDICINA CLINICA
650 2 7 _2unescot
_93373
_aVETERINARIA
700 1 _921861
_aBritez, Amancai
_eEd.
700 1 _96878
_aKochen, Silvia
_eEd.
700 1 _921862
_aMorante, Marcelo
_eEd.
856 _qapplication/pdf
_uhttps://rid.unaj.edu.ar/handle/123456789/3346
942 _2ddc
_cLIBRO DIGI
999 _c11064
_d11064
980 _620072
_a Matías Regueira
_820072
_g Matías Regueira